Hazard Analysis Techniques for System Safety

Na minha lista:
Detalhes bibliográficos
Autor principal: Ericson, Clifton A. (Author)
Formato: Livro
Idioma:inglês
Publicado em: New Jersey : Wiley-Interscience, 2005
Assuntos:
Tags: Adicionar Tag
Sem tags, seja o primeiro a adicionar uma tag!

MARC

LEADER 00000nam a22000003a 4500
001 stu204406
005 20190206124111.0
008 100527s2005----xxu-----------------eng-d
020 |a 0-471-72019-4 
040 |a STU  |b slo 
041 0 |a eng 
044 |a xxu 
080 |a 004.056  |7 stu_us_auth*stu414 
100 1 |a Ericson, Clifton A.  |4 aut 
245 1 |a Hazard Analysis Techniques for System Safety 
260 |a New Jersey :  |b Wiley-Interscience,  |c 2005 
300 |a 499 s 
650 7 |a bezpečnosť systémov  |2 stusub 
996 |b 284M078163  |c M*12732-1  |l MMKN  |s A  |a 24  |w stu204406_0001